[Event "DVM U20 2014"]
[Site "Naumburg (Saale) GER"]
[Date "2014.12.28"]
[Round "4"]
[White "Kohl, Natalie"]
[Black "Dorscheid, Nico"]
[Result "0-1"]
[Termination "normal"]
[Board "7.6"]
[WhiteElo "1145"]
[BlackElo "1272"]
[WhiteTeam "Meuselwitzer SV"]
[BlackTeam "SVG Saarbrücken"]
[PlyCount "70"]
[WhiteFideId "12967408"]
[BlackFideId "16200420"]
[EventCountry "GER"]
[EventRounds "7"]
[EventType "team-swiss"]
[EventDate "2014.12.26"]

1. e4 c5 2. Nf3 Nc6 3. d4 cxd4 4. Nxd4 Nf6 5. Nc3 d6 6. Be2 g6 7. O-O Bg7 8.
Be3 O-O 9. Qd2 Bd7 10. Bh6 Nxd4 11. Bxg7 Nxe2+ 12. Qxe2 Kxg7 13. Rad1 Qb6 14.
Rb1 Bc6 15. Rfd1 Rad8 16. h3 e5 17. Qd3 d5 18. exd5 Bxd5 19. Qe2 Qe6 20. Ra1
Nh5 21. Qf1 Bc4 22. Qe1 Rxd1 23. Qxd1 Qb6 24. b3 Rd8 25. Qe1 Bd5 26. Qxe5+ Qf6
27. Qe3 Rc8 28. Nxd5 Qxa1+ 29. Kh2 Nf6 30. Nb4 Re8 31. Qxa7 Qe5+ 32. g3 Qe2 33.
Qc5 Qf3 34. Nd3 Re2 35. Qd4 Rd2 0-1

[Event "DVM U20 2014"]
[Site "Naumburg (Saale) GER"]
[Date "2014.12.28"]
[Round "4"]
[White "Martin, Julian"]
[Black "Eichstaedt, Mirko"]
[Result "1-0"]
[Termination "normal"]
[Board "8.1"]
[WhiteElo "2132"]
[BlackElo "1999"]
[WhiteTeam "OSG Baden-Baden"]
[BlackTeam "USV Potsdam"]
[PlyCount "117"]
[WhiteFideId "12941000"]
[BlackFideId "24692310"]
[EventCountry "GER"]
[EventRounds "7"]
[EventType "team-swiss"]
[EventDate "2014.12.26"]

1. e4 e5 2. Nf3 Nc6 3. Nc3 Nf6 4. Bb5 Bb4 5. d3 d6 6. O-O O-O 7. Bg5 Bxc3 8.
bxc3 Qe7 9. h3 Nd8 10. Qd2 Ne6 11. Be3 Rd8 12. Bc4 Nf8 13. Rfe1 Ng6 14. Bb3 b6
15. Rad1 Bb7 16. c4 Nd7 17. Nh2 Nc5 18. Nf1 Ne6 19. Ng3 c5 20. c3 Qh4 21. Nf5
Qf6 22. Kh2 Nh4 23. Nxh4 Qxh4 24. g3 Qh5 25. Rb1 Qg6 26. Bd1 h6 27. Bg4 Bc8 28.
f4 Nf8 29. Bxc8 Raxc8 30. Rg1 f5 31. Rbf1 Rc7 32. exf5 Qxf5 33. fxe5 Qxe5 34.
Bf4 Qh5 35. Re1 Rf7 36. d4 g5 37. g4 Qg6 38. Bg3 Rdd7 39. Rgf1 d5 40. cxd5 Rxd5
41. Qg2 Rdd7 42. Rxf7 Qxf7 43. Rf1 Qd5 44. dxc5 bxc5 45. Rf5 Qxg2+ 46. Kxg2
Rd2+ 47. Kf1 Rxa2 48. Rxc5 Ne6 49. Rc8+ Kh7 50. c4 a5 51. c5 Rc2 52. c6 a4 53.
c7 a3 54. Be5 Nxc7 55. Rxc7+ Rxc7 56. Bxc7 Kg7 57. Be5+ Kf7 58. Ke2 Ke6 59. Ba1
1-0

[Event "DVM U20 2014"]
[Site "Naumburg (Saale) GER"]
[Date "2014.12.28"]
[Round "4"]
[White "Steimbach, Isabel"]
[Black "Werthmann, Nils"]
[Result "0-1"]
[Termination "normal"]
[Board "8.3"]
[WhiteElo "1877"]
[BlackElo "1794"]
[WhiteTeam "OSG Baden-Baden"]
[BlackTeam "USV Potsdam"]
[PlyCount "78"]
[WhiteFideId "24692174"]
[BlackFideId "1270257"]
[EventCountry "GER"]
[EventRounds "7"]
[EventType "team-swiss"]
[EventDate "2014.12.26"]

1. e4 c5 2. Nf3 e6 3. d4 cxd4 4. Nxd4 Nc6 5. Nc3 a6 6. Be3 Qc7 7. Bd3 Nf6 8.
O-O h5 9. Nf3 Ng4 10. Qd2 Bd6 11. h3 Nxe3 12. Qxe3 Bf4 13. Qe2 g5 14. g3 g4 15.
gxf4 gxf3 16. Qxf3 b5 17. Qg3 Bb7 18. Qh4 Ne7 19. Ne2 d5 20. f3 O-O-O 21. Kh1
dxe4 22. fxe4 f5 23. Ng3 Rhg8 24. Kh2 fxe4 25. Nxe4 Nf5 26. Qf6 Qb6 27. Qc3+
Kb8 28. Qe5+ Ka8 29. Rg1 Nd4 30. Rgf1 Rg6 31. Ng5 Rgg8 32. Be4 Nxc2 33. Bxb7+
Qxb7 34. Rad1 Nb4 35. Qxe6 Rde8 36. Qb3 Re2+ 37. Kg3 h4+ 38. Kg4 Rg2+ 39. Kh5
R8xg5+ 0-1

[Event "DVM U20 2014"]
[Site "Naumburg (Saale) GER"]
[Date "2014.12.28"]
[Round "4"]
[White "Ender, Paul Marius"]
[Black "Toptschiev, David"]
[Result "0-1"]
[Termination "normal"]
[Board "8.4"]
[WhiteElo "1555"]
[BlackElo "1838"]
[WhiteTeam "USV Potsdam"]
[BlackTeam "OSG Baden-Baden"]
[PlyCount "56"]
[WhiteFideId "12936545"]
[BlackFideId "12968005"]
[EventCountry "GER"]
[EventRounds "7"]
[EventType "team-swiss"]
[EventDate "2014.12.26"]

1. e4 c5 2. Nc3 Nc6 3. d3 g6 4. f4 Bg7 5. Nf3 e6 6. Be2 Nge7 7. O-O O-O 8. Rb1
d5 9. Qe1 d4 10. Na4 Qd6 11. e5 Qd5 12. c4 dxc3 13. Nxc3 Qd7 14. Ne4 b6 15.
Nf6+ Bxf6 16. exf6 Nd5 17. Qh4 Qd8 18. Ne5 Nd4 19. Bf3 Nxf3+ 20. Rxf3 Qxf6 21.
Qh6 Qg7 22. Qh4 f6 23. Ng4 h5 24. Nf2 Bb7 25. g4 Nc3 26. Re3 Nxb1 27. gxh5 Kf7
28. Rg3 Ke7 0-1

[Event "DVM U20 2014"]
[Site "Naumburg (Saale) GER"]
[Date "2014.12.28"]
[Round "4"]
[White "Weis, Olga"]
[Black "Shevelko, Alexander"]
[Result "1/2-1/2"]
[Termination "normal"]
[Board "8.5"]
[WhiteElo "1790"]
[BlackElo "1643"]
[WhiteTeam "OSG Baden-Baden"]
[BlackTeam "USV Potsdam"]
[PlyCount "195"]
[WhiteFideId "1270234"]
[BlackFideId "12952125"]
[EventCountry "GER"]
[EventRounds "7"]
[EventType "team-swiss"]
[EventDate "2014.12.26"]

1. e4 d6 2. d4 Nf6 3. Nc3 c6 4. Nf3 g6 5. Bc4 Bg7 6. O-O O-O 7. Bb3 Nbd7 8. Be3
Qc7 9. a4 e5 10. dxe5 Nxe5 11. Nxe5 dxe5 12. Qe2 b6 13. Rad1 Ng4 14. Bc1 Qe7
15. h3 Nf6 16. Bg5 h6 17. Bh4 Be6 18. Bc4 Rfd8 19. Bxe6 Qxe6 20. Qa6 g5 21. Bg3
Qe7 22. Qc4 c5 23. Nd5 Nxd5 24. exd5 Kh8 25. Qe4 Rd6 26. Rfe1 f6 27. h4 Qd7 28.
hxg5 hxg5 29. Qg6 Rxd5 30. Rxd5 Qxd5 31. Qh5+ Kg8 32. Rd1 Qc6 33. Qg4 Rc8 34.
Rd7 Rc7 35. Rd8+ Kf7 36. Qh5+ Ke7 37. Rg8 Kd6 38. Qd1+ Ke6 39. Qg4+ Kf7 40.
Qc4+ Kg6 41. Qd3+ e4 42. Qa6 Rd7 43. a5 Qd5 44. Qb5 Qd1+ 45. Qf1 f5 46. Be5 Qd5
47. Rxg7+ Rxg7 48. Bxg7 Kxg7 49. axb6 axb6 50. Qa1 Kg6 51. Qa6 Qd1+ 52. Kh2
Qxc2 53. Qxb6+ Kh5 54. Kg1 g4 55. Qf6 Qc1+ 56. Kh2 Qf4+ 57. Kg1 Qg5 58. Qh8+
Qh6 59. Qe5 Qf8 60. Qc7 Kg5 61. g3 Kf6 62. Qd7 Ke5 63. Qd2 f4 64. Qc3+ Kf5 65.
gxf4 Kxf4 66. Qd2+ Ke5 67. Qc3+ Kd5 68. Qd2+ Kc6 69. Qa5 Qf3 70. Qa6+ Kd5 71.
Qa8+ Kc4 72. Qa4+ Kd3 73. Qb5+ Kd4 74. Qd7+ Kc4 75. Qa4+ Kd3 76. Qb5+ c4 77.
Qd5+ Kc2 78. Qxc4+ Kxb2 79. Qb4+ Kc2 80. Qc4+ Kd2 81. Qd4+ Qd3 82. Qb2+ Ke1 83.
Qc1+ Ke2 84. Qf1+ Kf3 85. Qg2+ Ke2 86. Qf1+ Kd2 87. Qa1 Qc3 88. Qa2+ Qc2 89.
Qa5+ Kd1 90. Qd5+ Ke1 91. Qa5+ Qd2 92. Qb6 g3 93. Qb1+ Qd1 94. Qxe4+ Kd2+ 95.
Kg2 gxf2 96. Qd4+ Kc2 97. Qxd1+ Kxd1 98. Kxf2 1/2-1/2

[Event "DVM U20 2014"]
[Site "Naumburg (Saale) GER"]
[Date "2014.12.28"]
[Round "4"]
[White "Glagau, Lars"]
[Black "Jurga, Jonas Vincent"]
[Result "0-1"]
[Termination "normal"]
[Board "8.6"]
[WhiteElo "1441"]
[BlackElo "1720"]
[WhiteTeam "USV Potsdam"]
[BlackTeam "OSG Baden-Baden"]
[PlyCount "70"]
[WhiteFideId "16200390"]
[BlackFideId "12968013"]
[EventCountry "GER"]
[EventRounds "7"]
[EventType "team-swiss"]
[EventDate "2014.12.26"]

1. d4 Nf6 2. c4 g6 3. Nc3 Bg7 4. Nf3 O-O 5. e4 d6 6. Be2 c5 7. O-O a6 8. h3 Nc6
9. Be3 cxd4 10. Nxd4 Bd7 11. Qd2 Rc8 12. Rac1 Nxd4 13. Bxd4 Be6 14. b3 Bd7 15.
Rfd1 Bc6 16. Bf3 Qc7 17. g3 Rfe8 18. Bg2 e5 19. Be3 Red8 20. Bg5 Qe7 21. Rc2
Qf8 22. Rdc1 h6 23. Be3 Nd7 24. Nd5 Bxd5 25. cxd5 Kh7 26. Kh2 f5 27. f4 h5 28.
Qd3 exf4 29. Bxf4 Ne5 30. Bxe5 Bxe5 31. Rxc8 Rxc8 32. Rxc8 Qxc8 33. exf5 Qxf5
34. Qe3 h4 35. Be4 Qf1 0-1

[Event "DVM U20 2014"]
[Site "Naumburg (Saale) GER"]
[Date "2014.12.30"]
[Round "7"]
[White "Keller, Peter"]
[Black "Zimmermann, Ulrich"]
[Result "1/2-1/2"]
[Termination "normal"]
[Board "1.1"]
[WhiteElo "2057"]
[BlackElo "2345"]
[WhiteClock "00:33:55"]
[BlackClock "00:09:38"]
[WhiteTeam "Frankfurter TV 1860"]
[BlackTeam "SK Bebenhausen"]
[PlyCount "154"]
[WhiteFideId "1272105"]
[BlackFideId "24654523"]
[EventCountry "GER"]
[EventRounds "7"]
[EventType "team-swiss"]
[EventDate "2014.12.26"]

1. e4 e5 2. Nf3 Nc6 3. Bb5 a6 4. Ba4 Nf6 5. O-O Be7 6. Re1 b5 7. Bb3 O-O 8. h3
d6 9. c3 Na5 10. Bc2 c5 11. d4 Nd7 12. Nbd2 exd4 13. cxd4 Nc6 14. d5 Nce5 15.
Nxe5 Nxe5 16. a4 Bd7 17. f4 Ng6 18. Nf3 Bh4 19. Rf1 Bg3 20. f5 Ne5 21. Ng5 h6
22. f6 g6 23. Nf3 Qxf6 24. Bxh6 Rfe8 25. Nxe5 Qxe5 26. Qf3 Re7 27. Ra3 Qd4+ 28.
Be3 Qe5 29. Bh6 Qd4+ 30. Be3 Qe5 31. axb5 Bxb5 32. Rb1 Bh4 33. b4 cxb4 34. Rxb4
Rc8 35. Qg4 Rxc2 36. Qxh4 Rc4 37. Rxc4 Bxc4 38. Bg5 Qd4+ 39. Re3 f6 40. Bf4
Bxd5 41. Qg3 Bf7 42. Kh2 Rxe4 43. Rxe4 Qxe4 44. Bxd6 Kg7 45. Qf4 Qd5 46. Be7
Qe6 47. Bb4 Qe5 48. Bd6 Qe2 49. Bb4 Qb2 50. Bd2 Qe5 51. Qg3 Bd5 52. Bc3 Qe7 53.
Qf4 Bc6 54. Qd4 Be4 55. Kg1 Bb7 56. Kh2 Qc7+ 57. Kg1 Qc6 58. Qd2 Kf7 59. Bb4
Ke6 60. Qe3+ Qe4 61. Qxe4+ Bxe4 62. h4 Kd5 63. Kf2 Kc4 64. Ba5 Kb5 65. Bd8 f5
66. g3 a5 67. Ke2 a4 68. Be7 Kc4 69. Kd2 Kb3 70. Kc1 a3 71. Bf8 a2 72. Bg7 Bb1
73. Bf6 Kc4 74. Kb2 Kd5 75. Bg5 Ke4 76. Bf4 Kf3 77. Ka1 Kg4 1/2-1/2

[Event "DVM U20 2014"]
[Site "Naumburg (Saale) GER"]
[Date "2014.12.30"]
[Round "7"]
[White "Braun, Georg"]
[Black "Diyap, Murat"]
[Result "1-0"]
[Termination "normal"]
[Board "1.2"]
[WhiteElo "2229"]
[BlackElo "1981"]
[WhiteClock "00:06:15"]
[BlackClock "00:00:58"]
[WhiteTeam "SK Bebenhausen"]
[BlackTeam "Frankfurter TV 1860"]
[PlyCount "79"]
[WhiteFideId "24629383"]
[BlackFideId "1272104"]
[EventCountry "GER"]
[EventRounds "7"]
[EventType "team-swiss"]
[EventDate "2014.12.26"]

1. e4 c5 2. Nf3 e6 3. d4 cxd4 4. Nxd4 Nc6 5. Nc3 Qc7 6. g3 a6 7. Bg2 Nf6 8. O-O
Be7 9. Re1 d6 10. Nxc6 bxc6 11. e5 dxe5 12. Rxe5 Nd5 13. Re4 Bb7 14. Rc4 Qb6
15. Na4 Qb5 16. b3 Rd8 17. Qe1 Bb4 18. Bd2 Ba3 19. Rc5 Bxc5 20. c4 Qxa4 21.
bxa4 Nf6 22. Rb1 Ba8 23. Ba5 Rc8 24. Bb4 Bxb4 25. Qxb4 c5 26. Qb6 Bxg2 27. Kxg2
O-O 28. Qxa6 Ra8 29. Qb5 Rfc8 30. a5 h6 31. Qb6 Nd7 32. Qb7 Ne5 33. a6 Nc6 34.
Rb6 Na5 35. Qd7 Nxc4 36. Rb7 Ne5 37. Qd6 Nc4 38. Qe7 Rf8 39. a7 Na5 40. Rc7 1-0

[Event "DVM U20 2014"]
[Site "Naumburg (Saale) GER"]
[Date "2014.12.30"]
[Round "7"]
[White "Medvedovski, Michael"]
[Black "Gibicar, Danijel"]
[Result "0-1"]
[Termination "normal"]
[Board "1.3"]
[WhiteElo "1957"]
[BlackElo "2142"]
[WhiteClock "00:00:32"]
[BlackClock "00:02:29"]
[WhiteTeam "Frankfurter TV 1860"]
[BlackTeam "SK Bebenhausen"]
[PlyCount "136"]
[WhiteFideId "24600830"]
[BlackFideId "24660256"]
[EventCountry "GER"]
[EventRounds "7"]
[EventType "team-swiss"]
[EventDate "2014.12.26"]

1. e4 e6 2. Nf3 d5 3. Nc3 d4 4. Ne2 c5 5. c3 Nf6 6. Ng3 a6 7. d3 Nc6 8. c4 e5
9. Be2 Bd6 10. O-O Ne7 11. Bg5 Ng6 12. Bxf6 gxf6 13. Ne1 Rg8 14. Bg4 Be6 15. h3
Nf4 16. Nh5 Qe7 17. Nxf4 exf4 18. Bxe6 fxe6 19. Qh5+ Qf7 20. Qxf7+ Kxf7 21. Kh1
b5 22. b3 Rgb8 23. f3 Bc7 24. Nc2 Ba5 25. Rab1 Bc3 26. Kh2 Ra7 27. g3 bxc4 28.
dxc4 d3 29. Ne1 fxg3+ 30. Kxg3 Rd7 31. Rd1 Rg8+ 32. Kh2 d2 33. Ng2 Bb2 34. Rf2
Bc1 35. Nf4 Rgd8 36. Kg2 Bb2 37. Kf1 Be5 38. Ne2 Rd3 39. Kg2 Rg8+ 40. Kf1 h5
41. h4 a5 42. Ng1 Bd4 43. Rg2 Rxg2 44. Kxg2 Bxg1 45. Kxg1 Rxf3 46. Rxd2 Ke7 47.
Re2 Kd6 48. Kg2 Rf4 49. Rf2 Ke5 50. Rd2 Rxe4 51. Kg3 Re3+ 52. Kf2 Rh3 53. Rd8
Rh2+ 54. Kf3 Rxa2 55. Rh8 Ra3 56. Rxh5+ f5 57. Rh8 Rxb3+ 58. Ke2 Ke4 59. Ra8 f4
60. Rxa5 Rb2+ 61. Kf1 Kd4 62. h5 Rh2 63. Ra6 e5 64. h6 e4 65. Kg1 Rh5 66. Rf6
Ke3 67. Kg2 f3+ 68. Kg1 Ke2 0-1

[Event "DVM U20 2014"]
[Site "Naumburg (Saale) GER"]
[Date "2014.12.30"]
[Round "7"]
[White "Kaulich, Philipp Theodor"]
[Black "Pham-Tran, Phuong-Bao"]
[Result "1-0"]
[Termination "normal"]
[Board "1.4"]
[WhiteElo "2126"]
[BlackElo "1788"]
[WhiteClock "00:18:04"]
[BlackClock "00:00:50"]
[WhiteTeam "SK Bebenhausen"]
[BlackTeam "Frankfurter TV 1860"]
[PlyCount "81"]
[WhiteFideId "4641582"]
[BlackFideId "12939196"]
[EventCountry "GER"]
[EventRounds "7"]
[EventType "team-swiss"]
[EventDate "2014.12.26"]

1. e4 c6 2. d4 d5 3. Nc3 dxe4 4. Nxe4 Bf5 5. Ng3 Bg6 6. f4 e6 7. Nf3 Nd7 8. Bd3
Bxd3 9. Qxd3 Ngf6 10. f5 Qa5+ 11. Bd2 Qd5 12. O-O O-O-O 13. Ng5 e5 14. c4 Qxd4+
15. Qxd4 exd4 16. Nxf7 Rg8 17. Nxd8 Kxd8 18. Rae1 Bd6 19. Ne4 Nxe4 20. Rxe4 c5
21. Rfe1 Nf6 22. Re6 Kd7 23. h3 h5 24. Bg5 Rf8 25. Kf2 Ne4+ 26. R1xe4 Rxf5+ 27.
Bf4 Rxf4+ 28. Rxf4 Bxf4 29. Rg6 h4 30. Rxg7+ Kc6 31. Rg6+ Kd7 32. Ke2 a6 33.
Kd3 Bg3 34. Ke4 Bd6 35. g4 hxg3 36. h4 b6 37. h5 Ke7 38. h6 Kf7 39. Rxd6 g2 40.
Rd7+ Kf6 41. Rg7 1-0

[Event "DVM U20 2014"]
[Site "Naumburg (Saale) GER"]
[Date "2014.12.30"]
[Round "7"]
[White "Abrahamyan, Arsen"]
[Black "Lebeda, Timo"]
[Result "0-1"]
[Termination "normal"]
[Board "1.5"]
[WhiteElo "1759"]
[BlackElo "2094"]
[WhiteClock "00:02:15"]
[BlackClock "00:12:42"]
[WhiteTeam "Frankfurter TV 1860"]
[BlackTeam "SK Bebenhausen"]
[PlyCount "88"]
[WhiteFideId "1271755"]
[BlackFideId "4638565"]
[EventCountry "GER"]
[EventRounds "7"]
[EventType "team-swiss"]
[EventDate "2014.12.26"]

1. c4 Nf6 2. g3 c6 3. Bg2 d5 4. cxd5 cxd5 5. Nf3 Nc6 6. O-O e5 7. d3 h6 8. e4
Bg4 9. Qa4 Qd7 10. exd5 Bxf3 11. dxc6 Bxc6 12. Bxc6 Qxc6 13. Qxc6+ bxc6 14. Nc3
O-O-O 15. Re1 Rxd3 16. Rxe5 Bb4 17. a3 Bxc3 18. bxc3 Rd1+ 19. Kg2 Re8 20. Rxe8+
Nxe8 21. Bb2 Rxa1 22. Bxa1 Kb7 23. Kf3 Kb6 24. Ke2 Kb5 25. Kd3 Ka4 26. Bb2 Kb3
27. Bc1 Nd6 28. Be3 a5 29. Bc5 Nb5 30. Bf8 Nxa3 31. Bxg7 h5 32. h4 f5 33. Bf8
Nc4 34. f4 a4 35. Kd4 Nb6 36. Bc5 Nd7 37. Bd6 c5+ 38. Kd5 a3 39. Kc6 a2 40.
Kxd7 a1=Q 41. Bxc5 Qxc3 42. Be7 Qxg3 43. Bg5 Qe3 44. Kd6 Kc4 0-1

[Event "DVM U20 2014"]
[Site "Naumburg (Saale) GER"]
[Date "2014.12.30"]
[Round "7"]
[White "Alber, Alexander"]
[Black "Werle, Joshua"]
[Result "1-0"]
[Termination "normal"]
[Board "1.6"]
[WhiteElo "1919"]
[BlackElo "1782"]
[WhiteClock "01:25:44"]
[BlackClock "00:05:24"]
[WhiteTeam "SK Bebenhausen"]
[BlackTeam "Frankfurter TV 1860"]
[PlyCount "97"]
[WhiteFideId "4640039"]
[BlackFideId "12973890"]
[EventCountry "GER"]
[EventRounds "7"]
[EventType "team-swiss"]
[EventDate "2014.12.26"]

1. Nf3 d5 2. d4 Nc6 3. c4 Bg4 4. e3 e5 5. Be2 e4 6. cxd5 exf3 7. gxf3 Qxd5 8.
e4 Qxd4 9. fxg4 Qxe4 10. O-O Rd8 11. Bf3 Rxd1 12. Bxe4 Rxf1+ 13. Kxf1 Kd7 14.
Nc3 Bd6 15. Be3 Bxh2 16. f4 g5 17. Rd1+ Kc8 18. fxg5 Nge7 19. Kg2 Bd6 20. Nb5
Be5 21. Rf1 a6 22. Nc3 Nd8 23. Bc5 Kd7 24. Rd1+ Ke8 25. Rh1 Ng6 26. Re1 Ne6 27.
Bxg6 Nf4+ 28. Kf3 Nxg6 29. Bd4 f6 30. gxf6 Kf7 31. Bxe5 Nxe5+ 32. Rxe5 Kxf6 33.
Kf4 c6 34. Ne4+ Kg6 35. Re6+ Kf7 36. Ng5+ Kg7 37. Re7+ Kg6 38. Re6+ Kg7 39. Ke5
h6 40. Ne4 h5 41. gxh5 Rxh5+ 42. Kd6 Rb5 43. b3 Ra5 44. Nc3 b5 45. Kc5 b4+ 46.
Kxb4 Rf5 47. Rxc6 a5+ 48. Kc4 Rf2 49. Kb5 1-0

[Event "DVM U20 2014"]
[Site "Naumburg (Saale) GER"]
[Date "2014.12.30"]
[Round "7"]
[White "Neef, Maximilian"]
[Black "Kramer, Julian"]
[Result "1/2-1/2"]
[Termination "normal"]
[Board "2.1"]
[WhiteTitle "FM"]
[WhiteElo "2353"]
[BlackElo "2234"]
[WhiteClock "00:07:03"]
[BlackClock "00:07:42"]
[WhiteTeam "USV TU Dresden"]
[BlackTeam "Hamburger SK von 1830"]
[PlyCount "184"]
[WhiteFideId "24692085"]
[BlackFideId "12921742"]
[EventCountry "GER"]
[EventRounds "7"]
[EventType "team-swiss"]
[EventDate "2014.12.26"]

1. d4 d5 2. c4 c6 3. Nf3 Nf6 4. g3 e6 5. Bg2 Nbd7 6. Qc2 Bd6 7. O-O O-O 8. Rd1
Qe7 9. b3 b6 10. Nc3 Bb7 11. Bb2 Rac8 12. e4 dxe4 13. Nxe4 Nxe4 14. Qxe4 h6 15.
c5 Bb8 16. Rac1 Rfd8 17. Qe2 Nf6 18. Ne5 Bxe5 19. dxe5 Rxd1+ 20. Qxd1 Rd8 21.
Qe2 Nd5 22. Be4 Nb4 23. Bb1 Qd7 24. Qe4 Nd3 25. Rd1 Ba6 26. Ba3 Qd5 27. Qe3 Qd4
28. Qxd4 Rxd4 29. cxb6 axb6 30. Bb2 Rd5 31. Bc3 c5 32. Bc2 Kf8 33. h4 Ke7 34.
a3 c4 35. bxc4 Bxc4 36. f4 h5 37. Kg2 g6 38. Kf3 Nc5 39. Bb4 Ke8 40. Ke3 Rxd1
41. Bxd1 Nb3 42. Bf3 Bb5 43. Bd1 Bc4 44. Bf3 Bb5 45. Bd6 Kd7 46. Bb4 Ke8 47. g4
hxg4 48. Bxg4 Bc4 49. Bf3 Bb5 50. Bd1 Bc4 51. Bf3 Bb5 52. Bd6 Na5 53. Kd4 Kd8
54. Bf8 Bd7 55. Ke3 Nc6 56. h5 gxh5 57. Bxh5 Be8 58. Bf3 Ne7 59. Kd4 Nc6+ 60.
Kc4 Kc7 61. Bd6+ Kc8 62. Kd3 Kd7 63. Ke3 f6 64. Bg4 fxe5 65. fxe5 Bg6 66. Kf4
Nd4 67. Kg5 Bf5 68. Bh5 Be4 69. Kf6 Kc6 70. Bb4 Kd5 71. Bc3 Nc6 72. Bg4 Kc4 73.
Bb2 Kb3 74. Bc1 Bd5 75. Bd1+ Kc4 76. Be3 b5 77. Be2+ Kb3 78. Bc5 b4 79. axb4
Nxb4 80. Bxb4 Kxb4 81. Bg4 Kc5 82. Bxe6 Bg2 83. Ke7 Kd4 84. Kd6 Bf3 85. Bh3 Bd5
86. Bf5 Bc4 87. Be6 Be2 88. Bh3 Bc4 89. Bf1 Bxf1 90. e6 Bb5 91. e7 Ba4 92. e8=Q
Bxe8 1/2-1/2

[Event "DVM U20 2014"]
[Site "Naumburg (Saale) GER"]
[Date "2014.12.30"]
[Round "7"]
[White "Uksini, Bardhyl"]
[Black "Möhn, Hans"]
[Result "0-1"]
[Termination "normal"]
[Board "2.2"]
[WhiteElo "2204"]
[BlackElo "2273"]
[WhiteClock "00:00:36"]
[BlackClock "00:01:03"]
[WhiteTeam "Hamburger SK von 1830"]
[BlackTeam "USV TU Dresden"]
[PlyCount "74"]
[WhiteFideId "1628313"]
[BlackFideId "24647837"]
[EventCountry "GER"]
[EventRounds "7"]
[EventType "team-swiss"]
[EventDate "2014.12.26"]

1. d4 Nf6 2. c4 g6 3. Nc3 Bg7 4. e4 d6 5. f4 O-O 6. Nf3 c5 7. d5 b5 8. Bd3 bxc4
9. Bxc4 Nbd7 10. O-O Nb6 11. Bd3 Bb7 12. Kh1 Rc8 13. Be3 e6 14. dxe6 fxe6 15.
f5 gxf5 16. exf5 e5 17. Ng5 Qe7 18. Ne6 e4 19. Bc2 d5 20. Bg5 Qd7 21. Qe2 Qc6
22. Rad1 Rf7 23. Qe1 Kh8 24. Qh4 e3 25. Ne2 d4 26. Rf3 Nbd7 27. N2f4 Re8 28.
Rg3 Ne4 29. Rf3 Nf2+ 30. Kg1 Nxd1 31. Rh3 Bf6 32. Bxd1 Qe4 33. Qh5 Qb1 34. Kf1
Ba6+ 35. Ke1 Qxb2 36. Bxf6+ Nxf6 37. Ng6+ Kg8 0-1

[Event "DVM U20 2014"]
[Site "Naumburg (Saale) GER"]
[Date "2014.12.30"]
[Round "7"]
[White "Gungl, Theo"]
[Black "Hinrichs, Lars"]
[Result "1/2-1/2"]
[Termination "normal"]
[Board "2.3"]
[WhiteElo "2122"]
[BlackElo "2193"]
[WhiteClock "00:02:03"]
[BlackClock "00:14:58"]
[WhiteTeam "USV TU Dresden"]
[BlackTeam "Hamburger SK von 1830"]
[PlyCount "101"]
[WhiteFideId "24695653"]
[BlackFideId "12921769"]
[EventCountry "GER"]
[EventRounds "7"]
[EventType "team-swiss"]
[EventDate "2014.12.26"]

1. d4 d5 2. c4 c6 3. Nf3 Nf6 4. Nc3 a6 5. e3 b5 6. c5 Bg4 7. h3 Bxf3 8. Qxf3 e5
9. Bd2 Qc7 10. Qd1 Nbd7 11. b4 Be7 12. a4 O-O 13. Be2 Rfe8 14. O-O Nf8 15. Ra2
exd4 16. exd4 Ne6 17. Be3 Nf4 18. Bf3 Bf8 19. Qd2 Ng6 20. Rfa1 Qb7 21. g3 h6
22. Ra3 a5 23. Qb2 bxa4 24. b5 cxb5 25. Qxb5 Qxb5 26. Nxb5 Rab8 27. Nc3 Ne7 28.
Rxa4 Nf5 29. Nxd5 Nxd5 30. Bxd5 Nxe3 31. fxe3 Rxe3 32. Kf2 Rd3 33. Ke2 Rxg3 34.
R1a2 Rd8 35. Bf3 Rxh3 36. c6 Rh2+ 37. Kd3 Rxa2 38. Rxa2 Bb4 39. Bg4 Bd6 40.
Rxa5 g6 41. Bd7 Bb8 42. Ra8 Kf8 43. Rxb8 Rxb8 44. c7 Ra8 45. c8=Q+ Rxc8 46.
Bxc8 Ke7 47. Ke4 Kd6 48. Bb7 f6 49. Kf4 Ke6 50. Be4 f5 51. Bf3 1/2-1/2

[Event "DVM U20 2014"]
[Site "Naumburg (Saale) GER"]
[Date "2014.12.30"]
[Round "7"]
[White "Thamm, Merlin Jannes"]
[Black "Hinrichs, Jan"]
[Result "0-1"]
[Termination "normal"]
[Board "2.5"]
[WhiteElo "1697"]
[BlackElo "2195"]
[WhiteClock "00:34:50"]
[BlackClock "00:33:13"]
[WhiteTeam "USV TU Dresden"]
[BlackTeam "Hamburger SK von 1830"]
[PlyCount "42"]
[WhiteFideId "24695564"]
[BlackFideId "12907294"]
[EventCountry "GER"]
[EventRounds "7"]
[EventType "team-swiss"]
[EventDate "2014.12.26"]

1. e4 c5 2. Nf3 d6 3. c3 Nf6 4. h3 Nc6 5. Bd3 g6 6. Bc2 Bg7 7. O-O O-O 8. d4
cxd4 9. cxd4 b6 10. Nc3 Ba6 11. Re1 Rc8 12. Bf4 Nd7 13. e5 dxe5 14. dxe5 Nc5
15. a3 Ne6 16. Bg3 Ncd4 17. Be4 Bc4 18. Nd2 b5 19. Rc1 Bh6 20. Rb1 Bxd2 21.
Qxd2 Nf3+ 0-1

[Event "DVM U20 2014"]
[Site "Naumburg (Saale) GER"]
[Date "2014.12.30"]
[Round "7"]
[White "Riederer, Martin"]
[Black "Schamschurko, Victor"]
[Result "1-0"]
[Termination "normal"]
[Board "2.6"]
[WhiteElo "2061"]
[BlackElo "1758"]
[WhiteClock "00:16:14"]
[BlackClock "00:02:39"]
[WhiteTeam "Hamburger SK von 1830"]
[BlackTeam "USV TU Dresden"]
[PlyCount "72"]
[WhiteFideId "12903140"]
[BlackFideId "24695637"]
[EventCountry "GER"]
[EventRounds "7"]
[EventType "team-swiss"]
[EventDate "2014.12.26"]

1. d4 Nf6 2. c4 g6 3. g3 Bg7 4. Bg2 O-O 5. Nc3 d6 6. e4 Nbd7 7. Nf3 c6 8. O-O
e5 9. d5 Qc7 10. Qe2 a6 11. Bd2 c5 12. Ne1 Ne8 13. Nc2 b6 14. Kh1 f5 15. exf5
gxf5 16. f4 e4 17. Ne3 Ndf6 18. Bh3 Ng4 19. Nxg4 fxg4 20. Bxg4 Bxg4 21. Qxg4
Nf6 22. Qe2 Rae8 23. Rae1 Qe7 24. a4 Kh8 25. Qg2 h6 26. Re2 Qd7 27. Rfe1 Re7
28. b3 Rfe8 29. h3 h5 30. Kh2 Qf5 31. Nd1 Qg6 32. Bc3 Kg8 33. Re3 Qh7 34. Nf2
Kf7 35. Bxf6 Bxf6 36. Nxe4 Kf8 1-0

[Event "DVM U20 2014"]
[Site "Naumburg (Saale) GER"]
[Date "2014.12.30"]
[Round "7"]
[White "Grigorian, Spartak"]
[Black "Kotainy, Jens"]
[Result "1/2-1/2"]
[Termination "normal"]
[Board "3.1"]
[BlackTitle "IM"]
[WhiteElo "2244"]
[BlackElo "2397"]
[WhiteTeam "SK Wildeshausen"]
[BlackTeam "SG Bochum"]
[PlyCount "42"]
[WhiteFideId "24661490"]
[BlackFideId "24670499"]
[EventCountry "GER"]
[EventRounds "7"]
[EventType "team-swiss"]
[EventDate "2014.12.26"]

1. Nf3 c5 2. e4 Nf6 3. Nc3 d5 4. exd5 Nxd5 5. Bb5+ Bd7 6. Bxd7+ Qxd7 7. d4 cxd4
8. Nxd5 Qxd5 9. Qxd4 Qxd4 10. Nxd4 a6 11. O-O Nd7 12. Re1 O-O-O 13. Nf3 f6 14.
Be3 e5 15. Red1 Be7 16. Nd2 Bc5 17. Nc4 Bxe3 18. Nxe3 Nb6 19. b3 Rd7 20. Rxd7
Kxd7 21. Rd1+ Ke6 1/2-1/2

[Event "DVM U20 2014"]
[Site "Naumburg (Saale) GER"]
[Date "2014.12.30"]
[Round "7"]
[White "Thanabalasingam, Ajandhan"]
[Black "Reuker, Jari"]
[Result "1-0"]
[Termination "normal"]
[Board "3.2"]
[WhiteElo "2007"]
[BlackElo "1903"]
[WhiteTeam "SG Bochum"]
[BlackTeam "SK Wildeshausen"]
[PlyCount "45"]
[WhiteFideId "24601659"]
[BlackFideId "12909300"]
[EventCountry "GER"]
[EventRounds "7"]
[EventType "team-swiss"]
[EventDate "2014.12.26"]

1. e4 c5 2. Nf3 e6 3. d4 cxd4 4. Nxd4 Nc6 5. Nc3 Qc7 6. Be3 a6 7. Qd2 Nf6 8. f3
Be7 9. O-O-O O-O 10. Kb1 Rd8 11. g4 b5 12. g5 Nh5 13. f4 Nxd4 14. Bxd4 Nxf4 15.
e5 Ng6 16. Qe3 Re8 17. h4 Bb7 18. Ne4 Nxe5 19. Nf6+ Bxf6 20. gxf6 Rec8 21. Bd3
Nf3 22. Rhg1 Nxg1 23. Qg5 1-0